00939nam a2200253 a 4500001001000000003000400010005001700014008004100031020002900072020002500101020002500126040002500151082001800176111002400194245008200218260014600300300001900446490002200465504007400487650003100561651003000592700003900622830002400661000023061OSt20200930021949.0101125s1989 ck r 000 0 spa d a9586430006 (o. completa) a9586431010 (t. dura) a9586431029 (rustica) aDO-SdBNPbspacBNPHU a986.1bA111ac1 aColombia.cCongreso10aActas del Congeso de Cúcuta, 1821 /cPrólogo, Carlos Restrepo Piedrahita. aBogotá :bBiblioteca de la Presidencia de la República. Administración Virgilio Barco,bFundación Francisco de Paula Santanderc1989. a3 v. ;c24 cm.1 aDocumentosv49-51 aIncluye referencias bibliográficas y notas al pie de las páginas. 4aCongreso de cúcuta, 1821 4aCúcuta (Colombia{Rpara}12aRestrepo Piedrahita, Carloseprol. 0aDocumentos ;v49-51